00394nam a2200145Ia 4500003000400000005001700004008004100021040001800062041000800080100005000088110001200138245004100150260001400191710004300205OSt20260313164830.0211028s2014 xx 000 0 und d cAIMIT LIBRARY aeng aKunder, Reshma; Mascarenhas, Vincent.g111762 aRuban S aE-commerce store management system / aGoac2014 aL&T [Larsen and Toubro] Infotech India